Ologies Quiz - Statistics

General Stats
  • This quiz has been taken 47 times
  • The average score is 18 of 30
Answer Stats
Hint Study % Correct
2) The study of animal classification,behavior, and physiology Zoology
97%
3) The study of living organisms andtheir interactions Biology
94%
1) The study of the Earth, itsprocesses, and physical rocks Geology
91%
16) The medical study of the heart and its functions Cardiology
83%
17) The study of crime and criminal behavior Criminology
83%
27) The study of mental processes Psychology
80%
18) The medical study of the skin Dermatology
77%
4) The study of living and non livingorganisms in their ecosystems Ecology
77%
11) The study of weather and the atmosphere Meteorology
77%
10) The study of human culture and ancestrythrough history Anthropology
74%
15) The study of spiders Arachnology
74%
8) The study of ancient life, including fossils Paleontology
71%
29) The study of earthquakes Seismology
71%
6) The medical study of cancer and itstreatments Oncology
69%
14) The study of past life via artifacts and remains Archaeology
60%
7) The study of hearing and balance Audiology
60%
9) The study of birds Ornithology
60%
12) The study of climate and its changes/effects Climatology
57%
24) The medical study of the nervous system and treatment of disorders Neurology
54%
5) The study of fungi and their structure Mycology
51%
28) The study of medical imaging for diagnosis and treament Radiology
51%
26) The study of drugs and its interactions with humans Pharmacology
46%
13) The study of bacteria and its effects on organisms Bacteriology
43%
23) The medical study of blood and its properties Hematology
43%
22) The medical study of female reproduction Gynecology
40%
30) The study of poisons and their interactions Toxicology
40%
21) The study of the origin and spreading of diseases Epidemiology
34%
19) The study of cell structure and appearance Cytology
31%
20) The medical study of hormones and glands Endocrinology
31%
25) The medical study of the eyes and vision Ophthalmology
26%
No matching quizzes found
Score Distribution
Percent of People with Each Score
Percentile by Number Answered
Your Score History
You have not taken this quiz